Normal view
MARC view
Entry Personal Name
001 - CONTROL NUMBER
- control field: 1162268
003 - CONTROL NUMBER IDENTIFIER
- control field: OSt
005 - DATE AND TIME OF LATEST TRANSACTION
- control field: 20260324121355.0
008 - FIXED-LENGTH DATA ELEMENTS
- fixed length control field: 260324|| aca||aabn | a|a d
040 ## - CATALOGING SOURCE
- Original cataloging agency: OSt
- Transcribing agency: OSt
100 ## - HEADING--PERSONAL NAME
- Personal name: Marjo Kaartinen; Anne Montenach; Deborah Simonton
670 ## - SOURCE DATA FOUND
- Source citation: Work cat.: (OSt)1754323: Marjo Kaartinen; Anne Montenach; Deborah Simonton, Luxury and Gender in European Towns, 1700-1914
